HOW ADJUSTMENT PROGRAMS CAN HELP THE POOR: THE WORLD BANK'S EXPERIENCE / (Record no. 25881)
[ view plain ]
| 000 -الفاتح | |
|---|---|
| حقل البيانات ثابتة الطول | 00697nam a2200253Ia 4500 |
| 008 - عناصر البيانات ثابتة الطول - معلومات عامة | |
| حقل البيانات ثابتة الطول | 140319s9999 xx 000 0 eng d |
| 040 ## - مصدر الفهرسة | |
| وكالة الفهرسة الأصلية | GCL / |
| وكالة النسخ | GCL |
| 082 04 - رقم تصنيف ديوى العشرى | |
| رقم التصنيف | P |
| رقم المادة | 332.1532 |
| -- | R H |
| 100 1# - المدخل الرئيسى - إسم شخصى | |
| الإسم الشخصى | RIBE, HELENA |
| 245 10 - بيان العنوان | |
| العنوان | HOW ADJUSTMENT PROGRAMS CAN HELP THE POOR: THE WORLD BANK'S EXPERIENCE / |
| بيان المسئوليه,etc | RIBE, HELENA |
| 700 1# - المدخل الاضافى - اسم شخصى | |
| الإسم الشخصى | CARVALHO, SONIYA |
| 700 1# - المدخل الاضافى - اسم شخصى | |
| الإسم الشخصى | LIEBENTHAL, ROBERT |
| 700 1# - المدخل الاضافى - اسم شخصى | |
| الإسم الشخصى | NICHOLAS, PETER |
| 700 1# - المدخل الاضافى - اسم شخصى | |
| الإسم الشخصى | ZUCKERMAN, ELAINE |
| 260 ## - PUBLICATION, DISTRIBUTION, ETC. (IMPRINT) | |
| تاريخ النشر أو التوزيع | 1990 |
| 300 ## - الوصف المادى | |
| التعداد | 49 P |
| 650 04 - المدخل الاضافى بالموضوع-مصطلح موضوعى | |
| مصطلح موضوعي | POINLING |
| 650 04 - المدخل الاضافى بالموضوع-مصطلح موضوعى | |
| مصطلح موضوعي | WORLD BANK |
| 650 04 - المدخل الاضافى بالموضوع-مصطلح موضوعى | |
| مصطلح موضوعي | LOANS |
| 650 04 - المدخل الاضافى بالموضوع-مصطلح موضوعى | |
| مصطلح موضوعي | ECONOMIC STABLIZATION |
| 650 04 - المدخل الاضافى بالموضوع-مصطلح موضوعى | |
| مصطلح موضوعي | DEVELOPING COUNTRIES |
| 942 ## - عناصر المدخل الإضافي( كوها) | |
| مصدر التصنيف او مخطط الترفيف | Dewey Decimal Classification |
| Koha [default] item type | الدوريات |
| 260 ## - PUBLICATION, DISTRIBUTION, ETC. (IMPRINT) | |
| -- | [S.N] : |
| -- | THE WORLD BANK ، |
| حالة التراجع | حالة الفقد | حالة تلف | ليس للاعارة | المكان المؤقت | الموقع الحالى | تاريخ الاكتساب | اجمالي اﻻعارات | رقم الطلب | الباركود | تاريخ اخر مشاهدة | تاريخ تفعيل السعر | نوع وعاء كوها |
|---|---|---|---|---|---|---|---|---|---|---|---|---|
| مكتبة القاهرة الكبرى | مكتبة القاهرة الكبرى | 03/26/2014 | P\332.1532\R H | 45923 | 03/26/2014 | 03/26/2014 | الدوريات | |||||
| مكتبة القاهرة الكبرى | مكتبة القاهرة الكبرى | 03/26/2014 | P\332.1532\R H | 45924 | 03/26/2014 | 03/26/2014 | الدوريات |

